| 000 | 00345nam a22001457a 4500 | ||
|---|---|---|---|
| 003 | OSt | ||
| 005 | 20160727222354.0 | ||
| 008 | 160622b xxu||||| |||| 00| 0 eng d | ||
| 040 | _ctest | ||
| 100 |
_9475 _aSharp, D, W, A |
||
| 245 | _aDictionary of Chemistry | ||
| 260 |
_aEng _bPenguin _c1990 |
||
| 300 | _aDictionary of Chemistry | ||
| 942 |
_2ddc _cBK |
||
| 999 |
_c394 _d394 |
||